000
00246nam a2200109Ia 4500
008
240625s9999 xx 000 0 und d
041
_a
eng
082
_a
658.5 CHA
100
_a
CHASE
245
_a
OPERATIONS AND SUPPLY MANAGEMENT
260
_c
2010
999
_c
35049
_d
35049